000 00713nas a2200241 4500
001 BR8602819
003 BR-BrBNA
005 20231205090512.0
007 ta
008 230509b bl.|||p| |||| 00| 00por d
040 _aBR-BrBNA
_bpor
_cBiblioteca Nacional de Agricultura
041 _a(Pt)
072 _aH10
100 1 _aSales, F.J.M.
245 1 _aControle cultural da sauva do nordeste
246 1 _aCultural control of the Northeast leaf-cutting ant
650 _aSAUVA
650 _aCONTROLE CULTURAL
650 _aREGIAO NORDESTE
773 0 _tFitossanidade (Brazil)
_xISSN 0100-4204
_g(1982-1985), v. 6-9 p. 87-93
_wBR8602819
909 _a202311
_bLúcia
_c55
_dLúcia Elande
942 _2AGRIS
_n0
_cANA
999 _c118879
_d118879